UBT Library

Libri i dytë i Xhunglës (Record no. 60935)

000 -LEADER
fixed length control field 00310nam a22001337a 4500
008 - FIXED-LENGTH DATA ELEMENTS--GENERAL INFORMATION
fixed length control field 260325b ||||| |||| 00| 0 eng d
020 ## - INTERNATIONAL STANDARD BOOK NUMBER
International Standard Book Number 9789951059091
041 ## - LANGUAGE CODE
Language code of text/sound track or separate title Shqip
080 ## - UNIVERSAL DECIMAL CLASSIFICATION NUMBER
Universal Decimal Classification number 821.111
100 ## - Rafti
Rafti 25
101 ## - Shkurtesa
Shkurtesa Tregime
245 ## - TITLE STATEMENT
Title Libri i dytë i Xhunglës
Statement of responsibility, etc Rudyard Kipling
942 ## - ADDED ENTRY ELEMENTS (KOHA)
Source of classification or shelving scheme
Item type Books
Holdings
Withdrawn status Lost status Source of classification or shelving scheme Damaged status Not for loan Collection code Permanent location Current location Date acquired Total Checkouts Barcode Date last seen Price effective from Koha item type
          Koleksioni i përgjithshem UBT - Lipjan UBT - Lipjan 03/25/2026   003-800070999433 03/25/2026 03/25/2026 Books
          Koleksioni i përgjithshem UBT - Lipjan UBT - Lipjan 03/25/2026   003-800070999434 03/25/2026 03/25/2026 Books
          Koleksioni i përgjithshem UBT - Lipjan UBT - Lipjan 03/25/2026   003-800070999435 03/25/2026 03/25/2026 Books
          Koleksioni i përgjithshem UBT - Lipjan UBT - Lipjan 03/25/2026   003-800070999436 03/25/2026 03/25/2026 Books
          Koleksioni i përgjithshem UBT - Lipjan UBT - Lipjan 03/25/2026   003-800070999437 03/25/2026 03/25/2026 Books
          Koleksioni i përgjithshem UBT - Lipjan UBT - Lipjan 03/25/2026   003-800070999438 03/25/2026 03/25/2026 Books
UBT Library © 2015-2024. All rights reserved University Education for Business and Technology